| Tag |
First Indicator |
Second Indicator |
Subfields |
| LEADER |
00000pam a2200000 i 4500 |
| 001 |
in00000035734 |
| 005 |
20151007062119.0 |
| 008 |
790628s1979 nyu j 00011 eng |
| 010 |
|
|
|a 79016563
|
| 020 |
|
|
|a 0374304971 :
|c $8.95
|
| 035 |
|
|
|a (OCoLC)05171557
|
| 035 |
|
|
|9 AAD3988AM
|
| 040 |
|
|
|a DLC
|c DLC
|d TXA
|d UtOrBLW
|
| 049 |
|
|
|a [Curr Col] TXAM
|c [981703]
|
| 050 |
0 |
0 |
|a PZ7.F76
|b Bal
|
| 082 |
0 |
|
|a [Fic]
|
| 100 |
1 |
|
|a Forman, James D.
|
| 245 |
1 |
2 |
|a A ballad for Hogskin Hill /
|c James Forman.
|
| 264 |
|
1 |
|a New York :
|b Farrar, Straus, Giroux,
|c 1979.
|
| 300 |
|
|
|a 229 pages ;
|c 22 cm.
|
| 336 |
|
|
|a text
|b txt
|2 rdacontent
|
| 337 |
|
|
|a unmediated
|b n
|2 rdamedia
|
| 338 |
|
|
|a volume
|b nc
|2 rdacarrier
|
| 520 |
|
|
|a A teenage boy and his family attempt to stop the strip mining that threatens their home in the Kentucky mountains.
|
| 650 |
|
1 |
|a Coal mines and mining
|x Fiction.
|
| 650 |
|
1 |
|a Mountain life
|x Fiction.
|
| 651 |
|
1 |
|a Kentucky
|x Fiction.
|
| 999 |
|
|
|a MARS
|
| 999 |
f |
f |
|s b2df19b9-ef5e-32db-b27e-3987fbb50cde
|i e450f4ab-8ec5-3589-b605-5e9b57d86c70
|t 0
|
| 952 |
f |
f |
|p normal
|a Texas A&M University
|b College Station
|c Sterling C. Evans Library
|d Evans: Curriculum Collection (4th floor)
|t 0
|e PZ7.F76 Bal
|h Library of Congress classification
|i unmediated -- volume
|m A14806011640
|
| 998 |
f |
f |
|a PZ7.F76 Bal
|t 0
|l Evans: Curriculum Collection (4th floor)
|